| 000 | 01000nam a22003017a 4500 | ||
|---|---|---|---|
| 001 | 9844 | ||
| 003 | FISKH | ||
| 005 | 20260304123828.0 | ||
| 008 | 260304b cb ||||| |||| 00| 0 eng d | ||
| 020 | _a0893752029 | ||
| 040 |
_aFISKH _beng _cFISKH _dFISKH |
||
| 050 | _aQL755.5 .C87 | ||
| 082 | _a591.518 | ||
| 100 |
_aCutts, David _eAuthor |
||
| 245 |
_aI can read about creatures of the night / _cWritten by David Cutts ; illustrated by Jean Chandler |
||
| 260 |
_aNew Jersey : _bTroll Associates , _c1979 |
||
| 300 |
_a44 unnumbered pages : _bcolor illustrations ; _c14 x 22 cm |
||
| 490 | _aI can read about... | ||
| 505 | _aP | ||
| 520 | _aText and illustrations provide young readers with information about the lives and habits of creatures of the night. | ||
| 521 | 8 |
_a600
_bLexile estimate |
|
| 521 | 8 |
_aP
_bRaz-Plus |
|
| 650 |
_aAnimal habits _vBehavior |
||
| 650 |
_aAnimals _vGeneral |
||
| 700 |
_aChandler, Jean _eIllustrator |
||
| 942 |
_2ddc _cBK _n0 |
||
| 999 |
_c9844 _d9844 |
||